000 00844nam a2200253Ia 4500
003 OSt
005 20220923231029.0
006 a|||||r|||| 00| 0
007 ta
008 220922b |||||||| |||| 00| 0 pan d
020 _c225
024 _a354,948
037 _b1389, 25/12/2021, H.K. Prakashan
_cTextual
040 _aARTS
_cARTS
_bpan
041 _2pan
_apan
082 _aU8.2, 153R1
100 _aਸਾਂਕਰਤਿਆਯਨ, ਰਾਹੁਲ, ਂਚ.
245 0 _aਘੁਮੱਕੜ Fਾਸਤਰ
260 _aਦਿੱਲੀ
_b ਰੀਥਿੰਕ ੁਪਲੀFਰਗ਼
_c2021
300 _a182ਪ੍ਰ0
_ccm.
650 _aਸਖ਼ਰਨਾਮਾ
942 _hU8.2, 153R1
_cTEXL
_2CC
999 _c388893
_d388893